|
|
|
|
| LEADER |
02008nam a2200529 a 4500 |
| 001 |
nkc20142590650 |
| 003 |
CZ PrNK |
| 005 |
20140627102719.0 |
| 007 |
ta |
| 008 |
140520s2014 xr e f 000 0 eng |
| 015 |
|
|
|a cnb002590650
|
| 020 |
|
|
|a 978-80-87006-11-5
|q (brož.)
|
| 035 |
|
|
|a (OCoLC)883372911
|
| 040 |
|
|
|a OLA001
|b cze
|
| 072 |
|
7 |
|a 27-1/-2
|x Křesťanská teologie. Dogmatická teologie
|2 Konspekt
|9 5
|
| 080 |
|
|
|a 27-1
|2 MRF
|
| 080 |
|
|
|a 001.8/.9
|2 MRF
|
| 080 |
|
|
|a 001.891
|2 MRF
|
| 080 |
|
|
|a 001.8
|2 MRF
|
| 080 |
|
|
|a 001.81/.87
|2 MRF
|
| 080 |
|
|
|a (072)
|2 MRF
|
| 100 |
1 |
|
|a Parušev, Paruš R.
|7 mzk2007377410
|4 aut
|
| 245 |
1 |
0 |
|a Academic reasoning, research and writing in religious studies :
|b a concise handbook /
|c Parush R. Parushev, Rollin G. Grams and Lina Andronovienė
|
| 250 |
|
|
|a 2nd ed., rev. and enl.
|
| 260 |
|
|
|a Prague :
|b International Baptist Theological Seminary,
|c 2014
|
| 300 |
|
|
|a 130 s. ;
|c 21 cm
|
| 504 |
|
|
|a Obsahuje bibliografické odkazy
|
| 650 |
0 |
7 |
|a křesťanská teologie
|7 ph115064
|2 czenas
|
| 650 |
0 |
7 |
|a vědecká práce
|7 ph127363
|2 czenas
|
| 650 |
0 |
7 |
|a vědecký výzkum
|7 ph116680
|2 czenas
|
| 650 |
0 |
7 |
|a vědecká metodologie
|7 ph136968
|2 czenas
|
| 650 |
0 |
7 |
|a odborné písemné práce
|7 ph115556
|2 czenas
|
| 650 |
0 |
9 |
|a Christian theology
|2 eczenas
|
| 650 |
0 |
9 |
|a scientific work
|2 eczenas
|
| 650 |
0 |
9 |
|a scientific research
|2 eczenas
|
| 650 |
0 |
9 |
|a scientific methodology
|2 eczenas
|
| 650 |
0 |
9 |
|a professional papers
|2 eczenas
|
| 655 |
|
7 |
|a metodické příručky
|7 fd132826
|2 czenas
|
| 655 |
|
9 |
|a methodological manuals
|2 eczenas
|
| 700 |
1 |
|
|a Grams, Rollin Gene,
|d 1958-
|7 mzk2007377620
|4 aut
|
| 700 |
1 |
|
|a Andronovienė, Lina
|7 jo2014825668
|4 aut
|
| 910 |
2 |
|
|a BOA001
|b 2-1328.719
|
| 928 |
9 |
|
|a Mezinárodní baptistický teologický seminář Evropské baptistické federace
|
| 990 |
|
|
|a BK
|
| 995 |
|
|
|a 01
|
| 991 |
|
|
|b 201406
|c NOV
|e n
|
| 996 |
6 |
|
|b 2610595216
|c 2-1328.719
|l MZK
|r Sklad / do 1 hodiny
|n 0
|p p.v.
|w 001429322
|u 000010
|a 1
|e BOA001
|j MZK50
|s P
|